Strategic management : concepts & cases /

Saved in:
Bibliographic Details
Main Author: Thompson, Arthur A., 1940-
Other Authors: Strickland, Alonzo J.
Format: Book
Language:English
Published: Homewood, IL : Irwin, c1993.
Edition:7th ed.
Subjects:
LEADER 02055cam a2200313 a 4500
001 c000213972
003 CARM
005 20060412115111.0
008 921030s1993 ilua b 001 0 eng
010 |a 92037023 
019 1 |a 23968212  |z 9547125  |5 LACONCORD2021 
020 |a 0256127077 
035 |a (OCoLC)26800812  |5 LACONCORD2021 
040 |a TOC  |b eng  |c TOC  |d TOC 
050 0 0 |a HD30.28  |b .T53 1993 
082 0 0 |a 658.4/012  |2 20 
100 1 |a Thompson, Arthur A.,  |d 1940- 
245 1 0 |a Strategic management :  |b concepts & cases /  |c Arthur A. Thompson, Jr. & A.J. Strickland III. 
250 |a 7th ed. 
260 |a Homewood, IL :  |b Irwin,  |c c1993. 
300 |a xxii, 948 p. :  |b ill. (some col.) ;  |c 27 cm. 
504 |a Includes bibliographical references and indexes. 
505 0 |a Pt. I. The Concepts and Techniques of Strategic Management. 1. The Strategic Management Process. 2. The Three Strategy-Making Tasks: Developing a Mission, Setting Objectives, and Forming a Strategy. 3. Industry and Competitive Analysis. 4. Company Situation Analysis. 5. Strategy and Competitive Advantage. 6. Matching Strategy to the Situation. 7. Corporate Diversification Strategies. 8. Techniques for Analyzing Diversified Companies. 9. Implementing Strategy: Organization-Building, Budgets, and Support Systems. 10. Implementing Strategy: Commitment, Culture, and Leadership -- Pt. II. Cases in Strategic Management. A. The Manager as Chief Strategy-Maker and Strategy-Implementer. B. Crafting Strategy in Single Business Companies. C. Crafting Strategy in Diversified Companies. D. Implementing Strategy. E. Strategy and Ethics Management -- Pt. III. Instructions for Using the STRAT-ANALYST Software Package. 
650 0 |a Strategic planning. 
650 0 |a Strategic planning  |v Case studies. 
700 1 |a Strickland, Alonzo J. 
852 8 |b CARM  |h A2:AL38C0  |i F00665  |p 0274932  |f BK 
999 f f |i 2c5455e7-c1ed-5cd9-87ef-e32172e888f0  |s a47a8075-05d7-57fe-bf29-6d127cb4a428 
952 f f |p Can circulate  |a CAVAL  |b CAVAL  |c CAVAL  |d CARM 1 Store  |e F00665  |f A2:AL38C0  |h Other scheme  |i book  |m 0274932